LEADER 00791nam a2200217 i 4500 001 000000141582 003 CaOOAMICUS 005 20050722000000.0 008 050722s1973 it u000 u ita u 013 $a116234 040 $aSeMil$bita 100 1 $aBoublìk, Vladimir.$0(OLS)http://semarc/name/28966 245 10$aTeologia delle religioni /$cVladimir Boublik. 260 $aRoma :$bStudium,$c1973. 300 $a342 p. ;$c21 cm. 500 $aContiene : Bibliografia. 650 4$aReligioni - Teologia.$0(OLS)http://semarc/subject/17860 850 $aSeMil 852 $aSeMil$W1$xVenegono$y1$m2R II 327$j94802$B94802$CSeMilBibl$Z2$F100804 $81 996 $6245$aTeologia delle religioni$9(OLS)http://semarc/title/206897 996 $6260$aRoma :$bStudium$9(OLS)http://semarc/publisher/29617 LEADER 00926nab a2200169 i 4500 001 000000274411 003 CaOOAMICUS 005 20091023000000.0 008 091023n xx uu u0 0und r 013 $a22898 040 $aSeMil$bita 245 10$aOne Church of Christ for the Sake of the World :$b2008 Conference of the North American Academy of Ecumenists. - Titolo dalla copertina. 500 $aSummer 2009. 700 1 $aFuchs, Lorelei Francis .$0(OLS)http://semarc/name/76755 700 1 $aNorth American Academy of Ecumenists (NAAE) : Annual Meeting «One Church of Christ for the Sake of the World» .$0(OLS)http://semarc/name/84105 773 0 $t[2009].$dPhiladelphia : Temple University, copyr. 2009.$w()195520 996 $6245$aOne Church of Christ for the Sake of the World :$b2008 Conference of the North American Academy of Ecumenists. - Titolo dalla copertina.$9(OLS)http://semarc/title/361005